Ciudades, población y transporte : salvemos nuestra tierra /
Guardado en:
| Formato: | Libro |
|---|---|
| Publicado: |
Buenos Aires :
Arte gráfico,
2011
|
| Materias: | |
| Etiquetas: |
Agregar Etiqueta
Sin Etiquetas, Sea el primero en etiquetar este registro!
|
| LEADER | 00763nam a22002535a 4500 | ||
|---|---|---|---|
| 001 | CEM.cems018347 | ||
| 005 | 20141015044412.0 | ||
| 008 | 130507s2011##################000#0#####d | ||
| 003 | CEMS | ||
| 020 | |a 9789870715252 | ||
| 082 | 0 | 4 | |a FC574.5 |
| 245 | 0 | 0 | |a Ciudades, población y transporte : |b salvemos nuestra tierra / |c Edición Literaria de Antonio Alemán |
| 260 | |a Buenos Aires : |b Arte gráfico, |c 2011 | ||
| 300 | |a 58 p. | ||
| 653 | |a Desarrollo industrial | ||
| 653 | |a Medio ambiente | ||
| 653 | |a Ecología | ||
| 653 | |a Superpoblación | ||
| 653 | |a Transporte | ||
| 653 | |a Ecociudades | ||
| 653 | |a Geoviviendas | ||
| 653 | |a Medios de transporte | ||
| 653 | |a Preservación de recursos | ||
| 859 | |a CEMS |b BIB. CEMS - Agricultura |h FC574.5 |i 4 |p A0097.44 |t Ej.1 | ||
